LEADER 01402nam0 2200337 i 450 001 RMS1381269 005 20231121125809.0 010 $a8815106499 020 $aIT$b2006-9766 100 $a20100908d2005 ||||0itac50 ba 101 | $aita 102 $ait 181 1$6z01$ai $bxxxe 182 1$6z01$an 200 1 $aComunicazione pubblica e nuove tecnologie$ela pubblica amministrazione dall'e-democracy all'e-government$fMattia Miani 210 $aBologna$cIl mulino$d[2005] 215 $a231 p.$d21 cm. 225 | $aItinerari$i. Scienze sociali 410 0$1001UBO2311648$12001 $aItinerari$i. Scienze sociali 606 $aAmministrazione pubblica$xServizi di informazione$2FIR$3RMLC050323$9I 606 $aComunicazione pubblica$2FIR$3RMLC317004$9I 700 1$aMiani$b, Mattia$3RERV048647$4070$0290483 801 3$aIT$bIT-01$c20100908 850 $aIT-RM1422 $aIT-FR0098 899 $aBiblioteca della Direzione Centrale per le Autonomie. Albo nazionale Segretari$bRM1422 899 $aBiblioteca Area Giuridico Economica$bFR0098 912 $aRMS1381269 950 0$aBiblioteca Area Giuridico Economica$d 53DIAM 22 174$e 53IAM0000002275 VMN A4 $fA $h20131122$i20131122 977 $a 29$a 53 996 $aComunicazione pubblica e nuove tecnologie$9736332 997 $aUNICAS LEADER 01539nam0 2200385 i 450 001 LO10062472 005 20231121125514.0 010 $a887166065X 100 $a19960603d1991 ||||0itac50 ba 101 | $aita$alat 102 $ait 181 1$6z01$ai $bxxxe 182 1$6z01$an 200 1 $a˜Il œfonte della vita$fAudrado di Sens$ga cura di Francesco Stella 210 $aFirenze$cLe lettere$d\1991! 215 $a157 p.$d19 cm 225 | $a˜Il œnuovo melograno$v5 300 $aTesto latino a fronte. 410 0$1001CFI0071200$12001 $a˜Il œnuovo melograno$v5 500 10$aDe fonte vitae. -$3MIL0177678$9LO1V046052$93607929 606 $aPoesia latina$2FIR$3RMLC111374$9N 676 $a871.0309382$9$v21 700 0$aAudradus : Modicus$3LO1V046052$4070$01441105 702 1$aStella$b, Francesco$f <1962- >$3CFIV211004 790 1$aStella$b, Francesco$c $3BVEV282983$zStella, Francesco <1962- > 790 0$aAudrado : di Sens$3LO1V046053$zAudradus : Modicus 801 3$aIT$bIT-01$c19960603 850 $aIT-RM028 $aIT-FR0017 899 $aBiblioteca Universitaria Alessandrina$bRM028 899 $aBiblioteca umanistica Giorgio Aprea$bFR0017 912 $aLO10062472 950 0$aBiblioteca umanistica Giorgio Aprea$d 52CIS 11/484$e 52VM 0000696255 VM barcode:00060899. - Inventario:7446 FLSVM$fA $h20070620$i20121204 977 $a 01$a 52 996 $aDe fonte vitae$93607929 997 $aUNICAS